|
|
|
|
| LEADER |
00678nam a22001697a 4500 |
| 020 |
|
|
|a 81-7328-112-2
|
| 082 |
|
|
|a 330 AGR/IN
|
| 100 |
|
|
|a A N Agrawal
|
| 245 |
|
|
|a Indian Economy
|b Problems Of Development & Planning
|
| 250 |
|
|
|a 30 th
|
| 260 |
|
|
|a New Delhi
|b Wishwa Prakashan
|c 2004
|
| 300 |
|
|
|a 743
|
| 650 |
|
|
|a underdevelopment
|a development
|a indian economy
|
| 942 |
|
|
|c BK
|
| 999 |
|
|
|c 168682
|d 168682
|
| 952 |
|
|
|0 0
|1 0
|4 0
|6 330_000000000000000_AGR_IN
|7 0
|9 173459
|a KAUCOAP
|b KAUCOAP
|d 2016-02-18
|o 330 AGR/IN
|p KAU_COAP02669
|r 2016-02-18
|w 2016-02-18
|y BK
|
| 952 |
|
|
|0 0
|1 0
|4 0
|6 330_000000000000000_AGR_IN
|7 0
|9 173460
|a KAUCOAP
|b KAUCOAP
|d 2016-02-19
|o 330 AGR/IN
|p KAU_COAP02670
|r 2016-02-19
|w 2016-02-19
|y BK
|